| 000 | 00883nas a2200277 4500 | ||
|---|---|---|---|
| 001 | BR0802102 | ||
| 003 | BR-BrBNA | ||
| 005 | 20231205111917.0 | ||
| 007 | ta | ||
| 008 | 230509b bl.|||p| |||| 00| 00por d | ||
| 040 |
_aBR-BrBNA _bpor _cBiblioteca Nacional de Agricultura |
||
| 041 | _a(En) | ||
| 072 | _aL60 | ||
| 100 | 1 | _aKondo, T. | |
| 100 | 1 | _aGullan, P. | |
| 245 | 1 | _aSynonymy of Plotococcus Miller Denno with Leptococcus Reyne, and description of a new species from Colombia (Hemiptera: Pseudococcidae) | |
| 650 | _aINSETO | ||
| 650 | _aPRAGA DE PLANTA | ||
| 650 | _aMORFOLOGIA ANIMAL | ||
| 650 | _aTAXONOMIA ANIMAL | ||
| 650 | _aDISTRIBUIÇÃO GEOGRÁFICA | ||
| 650 | _aCOLÔMBIA | ||
| 773 | 0 |
_tNeotropical Entology (Brazil) _xISSN 1519-566X _g(Jan-Feb 2008), v. 37(1) p. 51-57 _wBR0802102 |
|
| 909 |
_a202311 _bLúcia _c55 _dLúcia Elande |
||
| 942 |
_2AGRIS _n0 _cANA |
||
| 999 |
_c195096 _d195096 |
||